| 000 | 02126nam a2200301 a 4500 | ||
|---|---|---|---|
| 001 | 000047576 | ||
| 003 | DO-SdBNP | ||
| 005 | 20230505130415.0 | ||
| 008 | 090709r2004 dr ac 000 0d spa d | ||
| 020 | _a9993461628 | ||
| 040 |
_aBPMSU _bspa _cBPMSU |
||
| 082 | 4 |
_a923.17293 _bT866G, 2004 _222 |
|
| 100 | 1 | _aGómez, José Miguel | |
| 245 | 1 | 0 |
_aTrujillo visto por un psiquiatra / _cJosé Miguel Gómez. |
| 250 | _a2a ed. | ||
| 260 |
_aSanto Domingo : _bBúho, _c2004 |
||
| 300 |
_a239 p. : _bil., retrs. ; _c24 cm. |
||
| 490 | 0 | _aBiblioteca José Miguel Gómez ; | |
| 500 | _3Incluye datos biográficos del autor en la solapa de la cubierta | ||
| 504 | _aBibliografía: p. 235-241 | ||
| 505 | 0 | _aPrólogo 11 -- Dinámica familiar de los abuelos de Rafael Leonidas Trujillo Molina 17 -- Características de la dinámica familiar de los padres de Rafael Leonidas Trujillo 25 -- Legado biopsicosocial de la familia parental de Rafael Leonidas Trujillo 33 -- Vínculos y rivalidades de los Trujillo Molina 39 -- Conducta psicosocial de los hermanos Trujillo 49 -- Genograma 57 -- Trujillo : su desarrollo infanto-adolescente 63 -- La adultez temprana de Rafael Leonidas Trujillo 77 -- La sexualidad del macho Trujillo 83 -- Trujillo : sus parejas 103 -- Perfil de la personalidad de Trujillo 115 -- Antecedentes psicopatológicos de Trujillo 125 -- Conductas fóbicas de Trujillo Molina 151 -- Trastorno antisocial de la personalidad de Rafael Leonidas Trujillo Molina 157 -- Trampas de la personalidad de Trujillo 165 -- Víctima de su propio talento 179 -- Trujillo y su rigidez para adaptarse a nuevas circunstancias 183 -- Las relaciones interpersonales de Trujillo 189 -- Legado psicosocial y cultural del modelo trujillista 201 -- Paranoia : circunstancias y estresores psicosociales 219 -- Trujillo visto por un psiquiatra 227 -- Bibliografía 233 | |
| 590 | _aInventariado, 2022/VM | ||
| 600 | 1 | 4 |
_aTrujillo Molina, Rafael Leónidas, _d1891-1961 _xPersonalidad |
| 650 | 4 |
_aPersonalidad _x Aspectos psicológicos. |
|
| 650 | 4 | _aPsiquiatría. | |
| 910 | _aVMateo V. Control de calidad (BPMSU) | ||
| 942 |
_2ddc _cBK |
||
| 999 |
_c14212 _d14212 |
||